| 000 | 01676nam a22002897a 4500 | ||
|---|---|---|---|
| 001 | 8082 | ||
| 003 | FISKH | ||
| 005 | 20250821162238.0 | ||
| 008 | 250821b cb ||||| |||| 00| 0 eng d | ||
| 020 | _a9789995054793 | ||
| 040 |
_aFISKH _bkhr _cFISKH _dFISKH |
||
| 050 | _aPZ7 | ||
| 100 | _aSomanea, Meng | ||
| 245 |
_aរំខានមែន ! / _cនិពន្ធដោយ ម៉េង សុមនា , ទ្រី សម្ផស្ស និង ជ្រីម ហុកស្រុិន |
||
| 260 |
_aPhnom Penh : _bគ្រឺះស្ថានបោះពុម្ពផ្សាយSipar , _c2011. |
||
| 300 |
_a20 pages : _bcolor illustrations ; _c24 cm . |
||
| 505 | _aJ | ||
| 520 | _a វីវីចូលចិត្តឆ្ងល់ និងចង់ដឹងគ្រប់រឿង។ ថ្ងៃមួយ វីវីសួរបងស្រីពេលគាត់គូររូប។ បងស្រីវីវីថា៖ «រំខានណាស់!» «រំខាន? រំខានហ្នឹងស្អីគេទៅ?» វីវីសួរគេសួរឯង និងរំខានគេគ្រប់គ្នា។ | ||
| 520 | _aVivi is always curious about everything. One day, she asks her sister while she is drawing. Her sister said "What a disturbance!" "Disturbance! What does it mean?" Vivi asks everybody and disturbs them | ||
| 521 | 8 |
_a500
_bLexile estimate |
|
| 521 | 8 |
_aJ
_bRaz-Plus |
|
| 650 |
_aរំខាន _vរឿងនិទានកុមារ |
||
| 650 |
_aDisturb _vChildren's tale |
||
| 700 |
_aSomphors, Try _eIllustrator |
||
| 942 |
_2ddc _cKHB _n0 |
||
| 999 |
_c8082 _d8082 |
||